| 000 | | | 04340nac2a22002893x 450 |
| 001 | | | e7d61f2f-88f2-457a-8968-853c147697a1 |
| 005 | | | 20260126181920.0 |
| 100 | ## | $a | 20251127l19351935k y0rusy50 ca |
| 101 | 0# | $a | rus |
| | $a | bel |
| | $a | tgk |
| 102 | ## | $a | RU |
| 105 | ## | $a | y z ||||| |
| 122 | 2# | $a | d19350401 |
| | $a | d19351002 |
| 200 | 1# | $a | О высылке положений об уличных комитетах |
| | $j | 01.04.1935 - 02.10.1935 |
| 215 | ## | $a | 23 листа |
| | $d | 38,3 х 24,5 |
| 251 | ## | $c | Дело |
| 300 | ## | $a | Часть текста на белорусском и таджикском языках |
| 300 | ## | $a | Часть текста машинописная и рукописная, часть - напечатана типографским способом |
| 330 | ## | $a | Входит в раздел описи: Орготдел |
| 461 | #0 | $1 | 001796d4672-8a00-4986-b488-6e42273792cc |
| | $1 | 2001 |
| | $a | ЦЕНТРАЛЬНЫЙ ИСПОЛНИТЕЛЬНЫЙ КОМИТЕТ СССР (ЦИК СССР). |
| | $1 | 251 |
| | $c | Фонд |
| | $1 | 852 |
| | $g | Р |
| | $j | 3316 |
| 462 | #0 | $1 | 001b2b03070-aa26-4135-b154-6f52ec7c8bcd |
| | $1 | 2001 |
| | $a | Дела Секретариата Президиума ЦИК Союза ССР за 1935 год |
| | $v | Д. 655 |
| | $1 | 251 |
| | $c | Опись |
| | $1 | 852 |
| | $j | 28 |
| 605 | ## | $3 | DITM\AF\0000002775 |
| | $a | Власть |
| | $l | коллекция |
| | $2 | acquisition_prlib |
| 610 | 1# | $a | Положения |
| | $a | Уличные комитеты |
| 686 | ## | $a | 67.401.011.12ю1 |
| | $c | Право |
| | $2 | rubbk |
| 686 | ## | $a | 63.3(2)614-332ю1 |
| | $c | История |
| | $2 | rubbk |
| 801 | #0 | $a | RU |
| | $b | GA_RF |
| 801 | #1 | $a | RU |
| | $b | ГлавНИВЦ |
| | $c | 20251127 |
| | $2 | rusmarc |
| 801 | #2 | $a | RU |
| | $b | ПБ им. Б.Н. Ельцина |
| | $c | 20260126 |
| | $g | RCR |
| | $2 | rusmarc |
| 852 | ## | $a | ГА РФ |
| | $j | 655 |
| 937 | ## | $d | 200152366 |
| | $h | ГАРФ |
| 035 | ## | $a | RuPRLIB51082200 |
| 856 | ## | $u | http://readingroom.main.prlib.ru/item.aspx?id_node=n200152366&mode=full |